Catàleg del Col·legi de Periodistes de Catalunya

Técnicas de persuasión (Registre núm. 3654)

000 -CABECERA
Longitud fija campo de control 00718nam a2200217 a 4500
001 - NÚMERO DE CONTROL
Número de control 3654
003 - IDENTIFICADOR DEL NÚMERO DE CONTROL
Identificador del número de control CDMR
005 - FECHA Y HORA DE LA ÚLTIMA TRANSACCIÓN
Fecha y hora de la última transacción 20131203114024.0
008 - CÓDIGOS DE INFORMACIÓN DE LONGITUD FIJA
Códigos de información de longitud fija 130130s1978||||||||||||||||||||||||||||d
020 ## - NÚMERO INTERNACIONAL NORMALIZADO PARA LIBROS
Número Internacional Normalizado para Libros (ISBN) 8420616826
040 ## - FUENTE DE LA CATALOGACIÓN
Centro catalogador de origen CDMR
Lengua de catalogación cat
Centro transcriptor CDMR
100 1# - PUNTO DE ACCESO PRINCIPAL-NOMBRE DE PERSONA
Nombre de persona Brown, J. A. C.
Forma desarrollada del nombre Brown, James Alexander Campbell
9 (RLIN) 2601
245 10 - MENCIÓN DE TÍTULO
Título Técnicas de persuasión
Resto del título : de la propaganda al lavado de cerebro
Mención de responsabilidad, etc. J.A.C. Brown
260 ## - PUBLICACIÓN, DISTRIBUCIÓN, ETC. (PIE DE IMPRENTA)
Lugar de publicación, distribución, etc. Madrid
Fecha de publicación, distribución, etc. 1978
Nombre del editor, distribuidor, etc. Alianza
490 0# - MENCIÓN DE SERIE
Mención de serie El Libro de bolsillo.
-- Humanidades
Designación de volumen o secuencia 682
650 04 - PUNTO DE ACCESO ADICIONAL DE MATERIA - TÉRMINO DE MATERIA
9 (RLIN) 3177
Término de materia o nombre geográfico como elemento inicial Propaganda
650 04 - PUNTO DE ACCESO ADICIONAL DE MATERIA - TÉRMINO DE MATERIA
9 (RLIN) 3542
Término de materia o nombre geográfico como elemento inicial Mitjans de comunicació de massa
Subdivisión de materia general Influència
650 04 - PUNTO DE ACCESO ADICIONAL DE MATERIA - TÉRMINO DE MATERIA
9 (RLIN) 2367
Término de materia o nombre geográfico como elemento inicial Comunicació
Subdivisión de materia general Aspectes psicològics
650 04 - PUNTO DE ACCESO ADICIONAL DE MATERIA - TÉRMINO DE MATERIA
9 (RLIN) 4430
Término de materia o nombre geográfico como elemento inicial Persuasió (Retòrica)
942 ## - ENTRADA DE ELEMENTOS AGREGADOS (KOHA)
Koha [por defecto] tipo de item Monografies
Fuente de clasificaión o esquema
Fons
Suprimido Perdido Estropeado No para préstamo Localización permanente Localización actual Fecha adquisición Signatura completa Código de barras Fecha última consulta Fecha del precio de reemplazo Tipo de item de Koha
        Centre de Documentació Montserrat Roig Centre de Documentació Montserrat Roig 2013-01-16 Ck 3/16 CDMR13119971 2013-01-16 2013-01-16 Monografies

Implantat amb Koha